[Event "Wch U10"]
[Site "Batumi"]
[Date "2016.10.27"]
[Round "8"]
[White "Liu, Zongxin"]
[Black "Davtyan, Arsen"]
[Result "0-1"]
[WhiteElo "1707"]
[BlackElo "1868"]
[PlyCount "78"]
[EventDate "2016.10.19"]
[EventType "swiss"]
[EventRounds "11"]
[EventCountry "GEO"]
[SourceTitle "EXT 2018"]
[Source "ChessBase"]
[SourceDate "2017.10.13"]
[SourceVersion "1"]
[SourceVersionDate "2017.10.13"]
[SourceQuality "1"]

1. Nf3 d5 2. g3 c6 3. Bg2 Bg4 4. 0-0 Nd7 5. d3 e6 6. Nbd2 Bd6 7. e4 Ne7 8. Qe1 0-0 9. h3 Bh5 10. e5 Bc7 11. c3 Bg6 12. Qe2 c5 13. d4 Nc6 14. b3 Re8 15. Bb2 h6 16. a3 f6 17. Nh4 Bh7 18. f4 Bb6 19. Nhf3 Qb8 20. Kh2 a6 21. exf6 Nxf6 22. dxc5 Bxc5 23. Rfe1 Qc7 24. Nd4 e5 25. fxe5 Nxe5 26. Qf1 Bxd4 27. cxd4 Nd3 28. Rec1 Nxc1 29. Rxc1 Qd6 30. Nf3 Ne4 31. Ne5 Rf8 32. Qd1 Rf2 33. Ba1 Raf8 34. Rc2 Rxc2 35. Qxc2 Nxg3 36. Qc5 Qxc5 37. dxc5 Nf1+ 38. Kg1 Ne3 39. Bf3 Be4 0-1

[Event "Wch U10"]
[Site "Batumi"]
[Date "2016.10.22"]
[Round "4"]
[White "Liu, Zongxin"]
[Black "Ochirbat, Lkhagvajamts"]
[Result "0-1"]
[WhiteElo "1707"]
[BlackElo "1951"]
[PlyCount "84"]
[EventDate "2016.10.19"]
[EventType "swiss"]
[EventRounds "11"]
[EventCountry "GEO"]
[SourceTitle "CBM 175 Extra"]
[Source "ChessBase"]
[SourceDate "2016.12.12"]
[SourceVersion "1"]
[SourceVersionDate "2016.12.12"]
[SourceQuality "1"]

1. Nf3 d5 2. g3 Nf6 3. Bg2 Bf5 4. 0-0 e6 5. d3 Be7 6. Nbd2 h6 7. Re1 0-0 8. e4 dxe4 9. dxe4 Nxe4 10. Nh4 Bxh4 11. Rxe4 Be7 12. Re1 c6 13. c3 Na6 14. Nc4 Nc5 15. Be3 Qc8 16. b4 Nd7 17. Na5 Bf6 18. Qb3 Nb6 19. Rac1 e5 20. b5 e4 21. bxc6 bxc6 22. Bxb6 axb6 23. Nc4 Qa6 24. Nd6 Be6 25. c4 Rfd8 26. Nxe4 Bd4 27. Re2 Qa4 28. Nd2 Qxa2 29. Bxc6 Bxf2+ 30. Rxf2 Rxd2 31. Qxb6 Rc8 32. Bb5 Qa3 33. Rcf1 Rd6 34. Qb7 Qc5 35. Re1 Rcd8 36. Qe4 Rd4 37. Qe5 Qb4 38. Ref1 Rd1 39. Rxd1 Rxd1+ 40. Kg2 Rd2 41. h4 Bh3+ 42. Kf3 Qb3+ 0-1